[Event "Ho Chi Minh City zt 3.3"]
[Site "Ho Chi Minh City"]
[Date "2009.07.24"]
[Round "3"]
[White "Nguyen, Thanh Son"]
[Black "Chan, Wei Xuan Timothy"]
[Result "0-1"]
[WhiteElo "2362"]
[BlackElo "2344"]
[PlyCount "150"]
[EventDate "2009.07.23"]
[EventType "swiss"]
[EventRounds "9"]
[EventCountry "VIE"]
[SourceTitle "CBM 131 Extra"]
[Source "ChessBase"]
[SourceDate "2009.09.03"]
[SourceVersion "2"]
[SourceVersionDate "2009.09.16"]
[SourceQuality "1"]

1. c4 c5 2. Nf3 Nc6 3. d4 cxd4 4. Nxd4 Qb6 5. e3 Nf6 6. Nc3 e6 7. Be2 Be7 8. 0-0 0-0 9. b3 d5 10. Na4 Qc7 11. Nb5 Qd8 12. Bb2 dxc4 13. bxc4 e5 14. Qc2 Be6 15. Rfd1 Nd7 16. Nd6 Qc7 17. Nf5 Bf6 18. Nc3 Ne7 19. Nd6 Nc8 20. Ncb5 Qb8 21. Ne4 Be7 22. Ba3 Bxa3 23. Nxa3 h6 24. Rab1 Qc7 25. Nb5 Qa5 26. Nbc3 Rb8 27. Nd5 a6 28. Rb2 Kh8 29. Qd2 Qxd2 30. Rbxd2 Ncb6 31. Nc7 Bf5 32. Ng3 Rbc8 33. Nxf5 Rxc7 34. Nd6 Nc5 35. g4 Kg8 36. Rb1 Nba4 37. Bd1 Nc3 38. Rc1 Nxd1 39. Rdxd1 Rd8 40. Nf5 Rxd1+ 41. Rxd1 Ne6 42. Nd6 Kf8 43. Kf1 g6 44. Rd5 Ke7 45. f3 Nc5 46. Ne4 Nd7 47. Nd2 Ke6 48. Rd3 Nb6 49. Rc3 Kd7 50. Ke2 Kc6 51. Ne4 Kd7 52. Nd2 Rc6 53. Rc1 Na4 54. Nb3 Nc5 55. Nd2 Rb6 56. Rc2 a5 57. h4 a4 58. h5 Ke6 59. hxg6 fxg6 60. f4 e4 61. a3 Kf6 62. Kf2 Rb3 63. Ra2 Rb6 64. Rc2 h5 65. Kg3 Rd6 66. Rb2 Rd3 67. gxh5 Rxe3+ 68. Kf2 Rxa3 69. Rb6+ Kf5 70. Rb5 b6 71. Rxb6 e3+ 72. Ke2 Ne6 73. Nb1 Nxf4+ 74. Kd1 e2+ 75. Ke1 Re3 0-1

[Event "Ho Chi Minh City zt 3.3"]
[Site "Ho Chi Minh City"]
[Date "2009.07.23"]
[Round "1"]
[White "Chan, Wei Xuan Timothy"]
[Black "Le, Minh Hoang"]
[Result "1-0"]
[WhiteElo "2344"]
[BlackElo "1941"]
[PlyCount "55"]
[EventDate "2009.07.23"]
[EventType "swiss"]
[EventRounds "9"]
[EventCountry "VIE"]
[SourceTitle "CBM 131 Extra"]
[Source "ChessBase"]
[SourceDate "2009.09.03"]
[SourceVersion "2"]
[SourceVersionDate "2009.09.16"]
[SourceQuality "1"]

1. e4 c5 2. Nf3 b6 3. d4 cxd4 4. Nxd4 e6 5. Nc3 a6 6. Bd3 Qc7 7. 0-0 Bb7 8. Be3 Nf6 9. f4 Bb4 10. e5 Bxc3 11. exf6 Bxb2 12. fxg7 Rg8 13. Qg4 Nc6 14. Bxh7 0-0-0 15. Bxg8 Rxg8 16. Rad1 Ne7 17. c3 Kb8 18. f5 exf5 19. Nxf5 Nxf5 20. Rxf5 d6 21. Bd4 Bc8 22. Rb1 Bxc3 23. Rxb6+ Bb7 24. Rxb7+ Qxb7 25. Bxc3 Qb1+ 26. Rf1 Qxa2 27. Qb4+ Kc7 28. Rb1 1-0

[Event "Dos Hermanas Internet qual-D 10th"]
[Site "ICC INT"]
[Date "2009.03.14"]
[Round "2"]
[White "Chan, Wei Xuan Timothy"]
[Black "Briscoe, Christopher"]
[Result "1-0"]
[WhiteElo "2322"]
[BlackElo "2268"]
[PlyCount "59"]
[EventDate "2009.03.14"]
[EventType "swiss (blitz)"]
[EventRounds "12"]
[EventCountry "ESP"]
[SourceTitle "EXT 2010"]
[Source "ChessBase"]
[SourceDate "2010.11.25"]
[SourceVersion "1"]
[SourceVersionDate "2010.11.25"]
[SourceQuality "1"]

1. e4 e5 2. Nf3 d6 3. d4 exd4 4. Nxd4 Nf6 5. Nc3 Be7 6. Be3 0-0 7. f3 d5 8. e5 Re8 9. Qd2 Nfd7 10. f4 c5 11. Nf5 d4 12. Nd5 dxe3 13. Ndxe7+ Rxe7 14. Nxe7+ Qxe7 15. Qxe3 Nc6 16. 0-0-0 Nb6 17. Bb5 Nd4 18. Bd3 Bg4 19. Rde1 Rd8 20. h3 Nd5 21. Qf2 Bf5 22. Bxf5 Nxf5 23. g4 Nd4 24. c3 Qe6 25. Kb1 Nb5 26. Qxc5 Nbxc3+ 27. bxc3 Rc8 28. f5 Nxc3+ 29. Qxc3 Qb6+ 30. Qb3 1-0

[Event "Dos Hermanas Internet qual-D 10th"]
[Site "ICC INT"]
[Date "2009.03.14"]
[Round "4"]
[White "Chan, Wei Xuan Timothy"]
[Black "Schon, Eugene"]
[Result "1-0"]
[WhiteElo "2322"]
[BlackElo "2115"]
[PlyCount "37"]
[EventDate "2009.03.14"]
[EventType "swiss (blitz)"]
[EventRounds "12"]
[EventCountry "ESP"]
[SourceTitle "EXT 2010"]
[Source "ChessBase"]
[SourceDate "2010.11.25"]
[SourceVersion "1"]
[SourceVersionDate "2010.11.25"]
[SourceQuality "1"]

1. e4 e6 2. d4 d5 3. Nd2 c5 4. Ngf3 Nc6 5. exd5 Qxd5 6. Bc4 Qh5 7. c3 cxd4 8. cxd4 Nf6 9. 0-0 Bd6 10. Re1 0-0 11. Nf1 b5 12. Bb3 Bb7 13. Ng3 Bxg3 14. hxg3 Rad8 15. Bf4 Nd5 16. Bg5 Rd7 17. Rc1 Na5 18. Ne5 Nxb3 19. Qxh5 1-0